Calculus of fractions and homotopy theory / (Record no. 51068)
[ view plain ]
| 000 -LEADER | |
|---|---|
| fixed length control field | 00928nam a2200277 a 4500 |
| 001 - CONTROL NUMBER | |
| control field | 51068 |
| 003 - CONTROL NUMBER IDENTIFIER | |
| rucl marc code | BD-RjUL |
| 005 - DATE AND TIME OF LATEST TRANSACTION | |
| control field | 20211209075615.0 |
| 008 - FIXED-LENGTH DATA ELEMENTS--GENERAL INFORMATION | |
| fixed length control field | 160829s1967 nyu b 001 0 eng |
| 035 ## - SYSTEM CONTROL NUMBER | |
| System control number | (BD-RjUL)51188 |
| 040 ## - CATALOGING SOURCE | |
| Original cataloging agency | DLC |
| Transcribing agency | DLC |
| Modifying agency | DLC |
| -- | BD-RjUL |
| Language of cataloging | eng |
| 041 ## - LANGUAGE CODE | |
| Language code of text/sound track or separate title | eng |
| 082 00 - DEWEY DECIMAL CLASSIFICATION NUMBER | |
| Edition number | 23 |
| Classification number | 514.24 |
| Author mark and year | GAC 1967 |
| 100 1# - MAIN ENTRY--PERSONAL NAME | |
| Personal name | Gabriel, P. |
| 9 (RLIN) | 152771 |
| 245 10 - TITLE STATEMENT | |
| Title | Calculus of fractions and homotopy theory / |
| Statement of responsibility, etc. | P. Gabriel and M. Zisman. |
| 260 ## - PUBLICATION, DISTRIBUTION, ETC. (IMPRINT) | |
| Place of publication, distribution, etc. | New York : |
| Name of publisher, distributor, etc. | Springer-Verlag, |
| Date of publication, distribution, etc. | c1967. |
| 300 ## - PHYSICAL DESCRIPTION | |
| Pagination | x, 168 p. ; |
| Size | 24 cm. |
| 504 ## - BIBLIOGRAPHY, ETC. NOTE | |
| Bibliography, etc | Include bibliography and index. |
| 650 #0 - SUBJECT ADDED ENTRY--TOPICAL TERM | |
| Topical term or geographic name as entry element | Homology theory. |
| 9 (RLIN) | 138661 |
| Topical term or geographic name as entry element | Homotopy theory. |
| 9 (RLIN) | 138202 |
| Topical term or geographic name as entry element | Categories (Mathematics) |
| 9 (RLIN) | 152026 |
| 700 1# - ADDED ENTRY--PERSONAL NAME | |
| Personal name | Zisman, M. |
| Relator term | joint author. |
| 830 ## - SERIES ADDED ENTRY--UNIFORM TITLE | |
| Uniform title | Ergebnisse der Mathematik und ihrer Grenzgebiete, |
| Volume number/sequential designation | Bd. 35 |
| 942 ## - ADDED ENTRY ELEMENTS (KOHA) | |
| Source of classification or shelving scheme | Dewey Decimal Classification |
| Koha item type | Books |
| Lost status | Source of classification or shelving scheme | Damaged status | Not for loan | Collection code | Permanent Location | Current Location | Shelving location | Date acquired | Source of acquisition | Cost, normal purchase price | Total Checkouts | Full call number | Date last seen | Copy number | Koha item type |
|---|---|---|---|---|---|---|---|---|---|---|---|---|---|---|---|
| Dewey Decimal Classification | Non-fiction | Central Library, University of Rajshahi | Central Library, University of Rajshahi | 30/12/1968 | Zeitlinger, 23 Band | 81.20 | 514.24 GAC 1967 | 29/08/2016 | C-2 | Books | |||||
| Dewey Decimal Classification | Non-fiction | Central Library, University of Rajshahi | Central Library, University of Rajshahi | 29/08/2016 | Sweets & Zetllinger | 80.60 | 514.24 GAC 1967 | 29/08/2016 | C-3 | Books |